00459nam a2200133Ia 4500008004100000082001600041100002600057245006400083260003100147300000900178942001200187999001900199952010700218210430s9999 xx 000 0 und d a530 G6611 P aJohn R. Gordon954701 aPhysics for Scientists and Engineers 7th edcJohn R. Gordon aCanidabBrooks/ Colec2008 a390p cBK2ddc c565485d565485 001040708NFICaSCMEbSCMEcGENd0000-00-00l0o530 G6611 PpSCME-3966 Ar2021-04-30w2021-04-30yBK